00313nam a2200121Ia 4500008004100000041000800041100002100049245003600070260002800106300000900134520002500143650002300168230818s1988 xx 000 0 und d aeng aBurkart / Medlic aTourism past present and Future bC.B.S.Publicationc1988 a300p aGeneral | Hard Board aHotel Front office